Popular dictionary of botanical names and terms : (Record no. 127747)

MARC details
000 -LEADER
fixed length control field 00665nam a22002057a 4500
005 - DATE AND TIME OF LATEST TRANSACTION
control field 20170124110029.0
010 ## - LIBRARY OF CONGRESS CONTROL NUMBER
LC control number 047001
020 ## - INTERNATIONAL STANDARD BOOK NUMBER
Terms of availability 00.00
035 ## - SYSTEM CONTROL NUMBER
System control number 047001
037 ## - SOURCE OF ACQUISITION
Source of stock number/acquisition Cen Lib/Ret
040 ## - CATALOGING SOURCE
Original cataloging agency DPL
Language of cataloging EN
082 ## - DEWEY DECIMAL CLASSIFICATION NUMBER
Classification number 580.3
Item number ZIM
100 ## - MAIN ENTRY--PERSONAL NAME
Personal name Zimmer, George Frederick
9 (RLIN) 21411
245 ## - TITLE STATEMENT
Title Popular dictionary of botanical names and terms :
Statement of responsibility, etc by George Frederick Zimmer
Remainder of title with their english equivalents /
260 ## - PUBLICATION, DISTRIBUTION, ETC. (IMPRINT)
Place of publication, distribution, etc London
Name of publisher, distributor, etc Routldge & Kegan Paul
Date of publication, distribution, etc 1949
270 ## - ADDRESS
City London
Address broadway house, 68-74, carter lane
300 ## - PHYSICAL DESCRIPTION
Extent vi, 122p.
Dimensions 17cm(Hb)
650 ## - SUBJECT ADDED ENTRY--TOPICAL TERM
Topical term or geographic name as entry element Botany
General subdivision Dictionaries
9 (RLIN) 21412
942 ## - ADDED ENTRY ELEMENTS (KOHA)
Source of classification or shelving scheme Dewey Decimal Classification
Koha item type English Books
Classification part 580.3
Call number suffix ZIM
Holdings
Withdrawn status Lost status Damaged status Not for loan Home library Current library Date acquired Source of acquisition Cost, normal purchase price Total Checkouts Full call number Barcode Date last seen Copy number Cost, replacement price Price effective from Koha item type
        Central Library Central Library 30/06/2015 Cen Lib/Ret 0.00   580.3 ZIM 047001 30/06/2015 1 0.00 15/09/2016 English Books

© Delhi Public Library
Hit Counter
free hit counter